<?xml version="1.0" encoding="UTF-8"?>
<record
    xmlns:xsi="http://www.w3.org/2001/XMLSchema-instance"
    xsi:schemaLocation="http://www.loc.gov/MARC21/slim http://www.loc.gov/standards/marcxml/schema/MARC21slim.xsd"
    xmlns="http://www.loc.gov/MARC21/slim">

  <leader>01980nam a22001937a 4500</leader>
  <controlfield tag="003">OSt</controlfield>
  <controlfield tag="005">20230602123455.0</controlfield>
  <controlfield tag="008">230210b        |||||||| |||| 00| 0 eng d</controlfield>
  <datafield tag="040" ind1=" " ind2=" ">
    <subfield code="c">MPSPC</subfield>
  </datafield>
  <datafield tag="082" ind1=" " ind2=" ">
    <subfield code="a">MPSPC POL SCI Al85 2021</subfield>
  </datafield>
  <datafield tag="100" ind1=" " ind2=" ">
    <subfield code="a">Alva, Zyndy K. </subfield>
    <subfield code="9">67722</subfield>
  </datafield>
  <datafield tag="245" ind1=" " ind2=" ">
    <subfield code="a">Cultural implications and preservation of traditional attire of Central Bontoc/</subfield>
    <subfield code="c">Zyndy K. Diva</subfield>
  </datafield>
  <datafield tag="300" ind1=" " ind2=" ">
    <subfield code="a">v, 43p. ; </subfield>
    <subfield code="c">41 cm. </subfield>
  </datafield>
  <datafield tag="336" ind1=" " ind2=" ">
    <subfield code="b">txt</subfield>
  </datafield>
  <datafield tag="337" ind1=" " ind2=" ">
    <subfield code="b">n</subfield>
  </datafield>
  <datafield tag="520" ind1=" " ind2=" ">
    <subfield code="a">         The descriptive study was an exploration of the Traditional Ethnic Attire of Central Bontoc, its implications and preservation. It also sought to find the different ethnic costumes available in Central Bontoc  and their cultural implications. As well as the challenges encountered in the preservation of ethnic costumes. The data gathering was qualitative method using interview and documentation. Respondents were remaining individuals knowledge of the topic were interviewed. Key informants include elders, designers, and individuals who often wear traditional clothing. 
        Based on the findings, the following conclusions were drawn (1) ethnic costumes including ornaments paired to go along with the style, as an identity to their culture. Including, the meaning of the symbols and its implication. (2) Preservation on the said ethnic costumes is being adhered to especially by elders and weavers to regain the lost art of weaving and culture as a whole. 
      Based on the conclusions, the following recommendations are forwarded (1)Skill training on the development of ethnic cloth weaving is recommended in order to enhance the talents and skills of the younger generation and sustain the availability of the ethnic material culture of the people of Central Bontoc. (2) More improvements and in-depth study on the uses, meanings, and implications of the ethnic costumes is recommended in order to pass down for the next generation. </subfield>
  </datafield>
  <datafield tag="650" ind1=" " ind2=" ">
    <subfield code="a">Culture</subfield>
    <subfield code="z">Bontoc</subfield>
    <subfield code="9">67723</subfield>
  </datafield>
  <datafield tag="942" ind1=" " ind2=" ">
    <subfield code="2">ddc</subfield>
    <subfield code="c">UGT</subfield>
    <subfield code="n">0</subfield>
  </datafield>
  <datafield tag="999" ind1=" " ind2=" ">
    <subfield code="c">68435</subfield>
    <subfield code="d">68435</subfield>
  </datafield>
  <datafield tag="952" ind1=" " ind2=" ">
    <subfield code="0">0</subfield>
    <subfield code="1">0</subfield>
    <subfield code="2">ddc</subfield>
    <subfield code="4">0</subfield>
    <subfield code="7">0</subfield>
    <subfield code="8">UG Thesis - BAPS</subfield>
    <subfield code="a">BONTOC</subfield>
    <subfield code="b">BONTOC</subfield>
    <subfield code="c">BONTOC-2F</subfield>
    <subfield code="d">2023-02-10</subfield>
    <subfield code="l">0</subfield>
    <subfield code="o">MPSPC BAPS Al85 2021</subfield>
    <subfield code="p">BTH0810</subfield>
    <subfield code="r">2023-02-10 00:00:00</subfield>
    <subfield code="w">2023-02-10</subfield>
    <subfield code="y">UGT</subfield>
  </datafield>
</record>
